| 000 | 00405cam a22001337a 4500 | ||
|---|---|---|---|
| 008 | 180718b1995 xxu||||| |||| 00| 0 eng d | ||
| 082 | _aT19x54 P218 | ||
| 100 | _aKumar, A. Ganesh | ||
| 245 | _aAgriculture - prospects, problems and policies | ||
| 260 |
_aDelhi _bKonark _c1995 |
||
| 300 | _ap.129-152 | ||
| 500 | _a[In]Mid - year review of the 1994 - 95 edited by Kirit S. Prarikh | ||
| 650 | _aAgriculture | ||
| 999 |
_c377924 _d377924 |
||